000
00265nam a22001217a 4500
082
_a
894.812.1
_b
MUD/V
100
_a
MUDRA
245
_a
VANDE MATHARAM
260
_a
ERNAKULAM
_b
MUSIC ZONE
300
_b
CD
650
_a
MALAYALAM PATRIOTIC SONGS
_z
KERALA
942
_c
BK
999
_c
8022
_d
8022